| 000 | 00638cab a2200229 4500 | ||
|---|---|---|---|
| 001 | WB3137-57 | ||
| 008 | 090401t1995 xxu||||| |||| 00| 0 eng d | ||
| 035 | _a(Sirsi) u17889 | ||
| 041 | _aeng | ||
| 245 | _aTimber supply crisis facing UK | ||
| 260 | _c1995 | ||
| 350 | _a0 | ||
| 490 |
_aFinancial Times _v3 October 1995, 29(1) |
||
| 520 | _aThe forestry industry calls for early government action to avoid a crisis in UK timber supply by 2020. | ||
| 650 | _aFORESTRY COMMISSION | ||
| 650 | _aFORESTRY | ||
| 650 | _aTIMBER SUPPLY | ||
| 650 | _aTREE PLANTING | ||
| 690 | _aRURAL PRACTICE | ||
| 942 | _n0 | ||
| 948 | _c04/03/1997 | ||
| 999 |
_c11865 _d11865 |
||